1781 1903 1276 1569 1402 1073 1923 1269 1069 1753 1757 1530 1427 1858 1878 1569 1850 1705 1583 1882 1282 1512 1394 1244 1499 1440 1137 1406 1507 1516 1917 1044 1557 1892 1022 1124 1728 1509 1418 1586 1750 1172 1996 1451 1842 1889 1051 1523 1682 1748 1186 1009 1509 1036 1272 1844 1648 1910 1594 1147 1327 1192 1970 1988 1129 1356 1608 1231 1886 1043 1890 1180 1904 1181 1451 1934 1364 1158 1842 1985 1881 1287 1707 1606 1786 1750 1537 1212 1020 1940 1721 1250 1999 1419 1554 1811 1745 1924 1616 BCNSPRNW ULIB Ver.6.0+V

เปลี่ยนเป็นภาษาไทย

Change to English
 แสดงรายละเอียดบรรณานุกรม
  กลับหน้าหลัก

Brief Record : Get Marc (ISO 2709) : E-mail record : QR code < ปิดหน้าต่าง
LEADER : 00000nam 2200000uu 4500
001    13399127192
003     ULIB
008    191021s2562||||th 000 0 tha d
020 ^- ^a9786168243039
050 ^- ^aนว.^bช499ห
100 0^ aชาณา,
245 10 ^aหัวใจปีศาจ /^cชาณา.
250 ^- ^aพิมพ์ครั้งที่ 2.
260 ^1 ^aกรุงเทพฯ :^bดีบุ๊คส์,^c2562.
300 ^- ^a416 หน้า.
945    ^p320^l0^i27884
999    ^aกัณชพร จุลอักษร
รายการนี้ยังไม่มีแท็ก
คุณยังไม่ได้ล็อกอิน คุณสามารถมีกิจกรรมร่วมกับเว็บไซต์ได้ แต่ต้องล็อกอินก่อน ::
  ล็อกอิน

รายการสื่อสารสนเทศ

ลำดับที่ ประเภท เลขเรียก/บาร์โค้ด สถานที่ สถานะ
1. วิทยาศาสตร์การแพทย์ และสุขภาพ
วิทยาศาสตร์การแพทย์ และสุขภาพ
นว. ช499ห ฉ.1 
  Barcode: 27884
ห้องสมุดวิทยาเขตนครสวรรค์
►นวนิยาย:l:Fiction
บนชั้น

BibComment


ยังไม่เคยถูกคอมเมนท์

คอมเมนท์ทรัพยากรรายการนี้
  คอมเมนท์: หัวใจปีศาจ ชาณา


 Copyright 2026. Bcnsprnw @Library